Class and Stratification an introduction to current debates (Record no. 6385)

MARC details
000 -LEADER
fixed length control field 00437nam a22001697a 4500
005 - DATE AND TIME OF LATEST TRANSACTION
control field 20200521130834.0
008 - FIXED-LENGTH DATA ELEMENTS--GENERAL INFORMATION
fixed length control field 200521b xxu||||| |||| 00| 0 eng d
020 ## - INTERNATIONAL STANDARD BOOK NUMBER
ISBN 074561793x
041 ## - LANGUAGE CODE
Language code of text/sound track or separate title eng
082 ## - DEWEY DECIMAL CLASSIFICATION NUMBER
Classification number 305.5 CRO
100 ## - MAIN ENTRY--AUTHOR NAME
Personal name Crompton, Rosemary
245 ## - TITLE STATEMENT
Title Class and Stratification an introduction to current debates
260 ## - PUBLICATION, DISTRIBUTION, ETC. (IMPRINT)
Place of publication U.K
Name of publisher Polity Press
Year of publication 1988
300 ## - PHYSICAL DESCRIPTION
Number of Pages 255p.
650 ## - SUBJECT ADDED ENTRY--TOPICAL TERM
Topical Term Socilogy
942 ## - ADDED ENTRY ELEMENTS (KOHA)
Koha item type Books

No items available.